Normal view
MARC view
- hopcroft,john e/Motwani,Rajeev
Entry Personal Name
001 - CONTROL NUMBER
- control field: 1119
003 - CONTROL NUMBER IDENTIFIER
- control field: JO-AjAnu
005 - DATE AND TIME OF LATEST TRANSACTION
- control field: 20230606070504.0
008 - FIXED-LENGTH DATA ELEMENTS
- fixed length control field: 230606|| aca||aabn | a|a d
040 ## - CATALOGING SOURCE
- Original cataloging agency: JO-AjAnu
- Transcribing agency: JO-AjAnu
100 ## - HEADING--PERSONAL NAME
- Personal name: hopcroft,john e/Motwani,Rajeev
670 ## - SOURCE DATA FOUND
- Source citation: Work cat.: (JO-AjAnu)586: hopcroft,john e/Motwani,Rajeev, author, Introduction to automata theory, languages, and computation